Vplyv olympijských hier na ekonomiku hostiteľskej krajiny bakalárska práca

Enregistré dans:
Détails bibliographiques
Auteur principal: Tamásová, Angelika
Collectivité auteur: Fakulta medzinárodných vzťahov EU. Katedra medzinárodných ekonomických vzťahov a hospodárskej diplomacie
Autres auteurs: Billý, Ľubomír
Format: Livre
Langue:slovaque
Publié: Bratislava 2012
Tags: Ajouter un tag
Pas de tags, Soyez le premier à ajouter un tag!

MARC

LEADER 00000nbm a2200000 4500
001 0153613
005 20161109111757.6
041 0 |a slo 
044 |a SK 
245 1 0 |a Vplyv olympijských hier na ekonomiku hostiteľskej krajiny  |b bakalárska práca  |c Angelika Tamásová ; školiteľ: Ľubomír Billý 
264 1 |a Bratislava  |c 2012 
300 |a 48 s. 
100 1 |a Tamásová, Angelika 
700 1 |a Billý, Ľubomír 
710 2 |a Fakulta medzinárodných vzťahov EU. Katedra medzinárodných ekonomických vzťahov a hospodárskej diplomacie